[Event "Batatais"]
[Site "Batatais"]
[Date "2012.01.14"]
[Round "2"]
[White "Polli, Lucas Ribeiro"]
[Black "Barbosa, Erick Silva"]
[Result "1/2-1/2"]
[WhiteElo "1627"]
[BlackElo "1717"]
[PlyCount "179"]
[EventDate "2012.01.13"]
[EventType "tourn"]
[EventRounds "9"]
[EventCountry "BRA"]
[SourceTitle "EXT 2014"]
[Source "ChessBase"]
[SourceDate "2013.11.20"]
[SourceVersion "1"]
[SourceVersionDate "2013.11.20"]
[SourceQuality "1"]

1. d4 d5 2. Nf3 e6 3. Bf4 f5 4. e3 Nf6 5. Nbd2 c6 6. c3 Nbd7 7. Bd3 Be7 8. O-O
O-O 9. Qe2 Ne4 10. Ne5 Nxe5 11. Bxe5 Nxd2 12. Qxd2 Qe8 13. Qe2 g5 14. Rac1 Qg6
15. f4 g4 16. g3 h5 17. Kf2 h4 18. Rh1 h3 19. b4 a5 20. b5 Bd7 21. bxc6 Bxc6
22. Rb1 a4 23. Bb5 Qe8 24. Bd3 Qd7 25. Rhc1 Rfc8 26. Rc2 Kf7 27. c4 dxc4 28.
Bxc4 Bd5 29. Bb5 Bc6 30. Bc4 Ra5 31. Kg1 Be4 32. Bd3 Bxd3 33. Qxd3 Rxc2 34.
Qxc2 Rb5 35. Rxb5 Qxb5 36. Kf2 a3 37. Ke1 Qb2 38. Kd2 Bb4+ 39. Kd3 Qxc2+ 40.
Kxc2 Be1 41. Kd1 Bf2 42. Ke2 Bg1 43. Bd6 Bxh2 44. Kf2 Ke8 45. Bxa3 Kd7 46. Bc5
Kc6 47. a3 Kb5 48. Bb4 Kc4 49. Bc5 Kd3 50. Bb4 Bxg3+ 51. Kxg3 Kxe3 52. Bd6 Kxd4
53. Be5+ Ke3 54. Bd6 Ke2 55. Be5 Kf1 56. Bd6 Kg1 57. Bc5+ Kf1 58. Bd6 Ke2 59.
Bc7 Kd3 60. Bd6 b5 61. Kh2 Kc4 62. Be5 b4 63. axb4 Kxb4 64. Kg3 Kc4 65. Kh2 Kd3
66. Kg3 Ke4 67. Bc7 Ke3 68. Bd6 Ke2 69. Bc7 Kf1 70. Bd6 Ke2 71. Bc7 Ke3 72. Bd6
Kd4 73. Bc7 Kd5 74. Be5 Kc6 75. Bb8 Kd7 76. Be5 Ke7 77. Bb8 Kf6 78. Be5+ Kg6
79. Bd6 Kh5 80. Be5 Kg6 81. Bd6 Kf7 82. Be5 Ke7 83. Bc7 Kd7 84. Be5 Kc6 85. Bb8
Kd5 86. Be5 Ke4 87. Bd6 Ke3 88. Be5 Ke2 89. Bd6 Kf1 90. Be5 1/2-1/2

[Event "Batatais"]
[Site "Batatais"]
[Date "2012.01.14"]
[Round "3"]
[White "Barbosa, Erick Silva"]
[Black "Nery, Jose Antonio Jr"]
[Result "1-0"]
[WhiteElo "1717"]
[BlackElo "2066"]
[PlyCount "67"]
[EventDate "2012.01.13"]
[EventType "tourn"]
[EventRounds "9"]
[EventCountry "BRA"]
[SourceTitle "EXT 2014"]
[Source "ChessBase"]
[SourceDate "2013.11.20"]
[SourceVersion "1"]
[SourceVersionDate "2013.11.20"]
[SourceQuality "1"]

1. e4 d6 2. d4 Nd7 3. f4 c5 4. d5 g6 5. Nf3 Bg7 6. Nc3 Rb8 7. a4 Nh6 8. Bd3 a6
9. O-O Qc7 10. Qe2 O-O 11. a5 Kh8 12. Nd2 b5 13. axb6 Nxb6 14. Nc4 Ng4 15. h3
Nf6 16. Na5 Nh5 17. Rf3 e6 18. Qf1 exd5 19. Nxd5 Nxd5 20. exd5 Nf6 21. Nc6 Ra8
22. c4 Bd7 23. Na5 Rae8 24. f5 gxf5 25. Bxf5 Bxf5 26. Rxf5 Ne4 27. Ra3 Bd4+ 28.
Kh2 Be5+ 29. Rxe5 Rxe5 30. Nc6 Ree8 31. Bh6 Rg8 32. Re3 Rg6 33. Qf4 Nf6 34.
Qxf6+ 1-0

[Event "Batatais"]
[Site "Batatais"]
[Date "2012.01.15"]
[Round "4"]
[White "Silva, Sergio R"]
[Black "Barbosa, Erick Silva"]
[Result "1-0"]
[WhiteElo "2100"]
[BlackElo "1717"]
[PlyCount "25"]
[EventDate "2012.01.13"]
[EventType "tourn"]
[EventRounds "9"]
[EventCountry "BRA"]
[SourceTitle "EXT 2014"]
[Source "ChessBase"]
[SourceDate "2013.11.20"]
[SourceVersion "1"]
[SourceVersionDate "2013.11.20"]
[SourceQuality "1"]

1. d4 d5 2. c4 dxc4 3. e4 e5 4. d5 Nf6 5. Nc3 Bb4 6. Qa4+ Qd7 7. Qxb4 c6 8. Bg5
h6 9. Bxf6 gxf6 10. O-O-O Qg4 11. f3 Qg5+ 12. Kb1 cxd5 13. Nxd5 1-0

[Event "Batatais"]
[Site "Batatais"]
[Date "2012.01.15"]
[Round "5"]
[White "Barbosa, Erick Silva"]
[Black "Bonvini, Adriana Tonhati"]
[Result "1-0"]
[WhiteElo "1717"]
[BlackElo "1579"]
[PlyCount "95"]
[EventDate "2012.01.13"]
[EventType "tourn"]
[EventRounds "9"]
[EventCountry "BRA"]
[SourceTitle "EXT 2014"]
[Source "ChessBase"]
[SourceDate "2013.11.20"]
[SourceVersion "1"]
[SourceVersionDate "2013.11.20"]
[SourceQuality "1"]

1. e4 e5 2. Nc3 Nf6 3. f4 d6 4. Bc4 Nc6 5. Nf3 exf4 6. d3 Bg4 7. h3 Bh5 8. Bxf4
Nd4 9. Bg5 h6 10. Bh4 Be7 11. Bxf6 Nxf3+ 12. gxf3 Bxf6 13. Rf1 Bh4+ 14. Ke2 Qf6
15. Nd5 Qe5 16. d4 Qh2+ 17. Kd3 Rc8 18. Qe2 Qxh3 19. Nf4 Qg3 20. Nxh5 Qg5 21.
f4 Qg6 22. Rg1 Bg5 23. Qg4 Rd8 24. fxg5 hxg5 25. Ng3 d5 26. Bb5+ c6 27. Ba4
dxe4+ 28. Qxe4+ Qxe4+ 29. Nxe4 Rh3+ 30. Rg3 Rxg3+ 31. Nxg3 b5 32. Bb3 c5 33. c3
c4+ 34. Bxc4 bxc4+ 35. Kxc4 Rc8+ 36. Kd3 Rb8 37. b3 Ke7 38. Re1+ Kf6 39. Re5 g4
40. Ne4+ Kg6 41. Rg5+ Kh6 42. Rxg4 f5 43. Rh4+ Kg6 44. Nd2 Kg5 45. Nf3+ Kg6 46.
d5 Rd8 47. c4 Kf6 48. Rh1 1-0

[Event "Batatais"]
[Site "Batatais"]
[Date "2012.01.16"]
[Round "6"]
[White "Ribeiro de Souza, Mauricio"]
[Black "Barbosa, Erick Silva"]
[Result "1/2-1/2"]
[WhiteElo "1748"]
[BlackElo "1717"]
[PlyCount "34"]
[EventDate "2012.01.13"]
[EventType "tourn"]
[EventRounds "9"]
[EventCountry "BRA"]
[SourceTitle "EXT 2014"]
[Source "ChessBase"]
[SourceDate "2013.11.20"]
[SourceVersion "1"]
[SourceVersionDate "2013.11.20"]
[SourceQuality "1"]

1. d4 d5 2. Nf3 e6 3. Bf4 Nf6 4. e3 Nbd7 5. Bd3 c5 6. c3 b6 7. Nbd2 Bb7 8. h3
Be7 9. O-O O-O 10. Ne5 Nxe5 11. Bxe5 Bd6 12. Nf3 cxd4 13. exd4 Bxe5 14. Nxe5
Nd7 15. f4 Nxe5 16. fxe5 Qg5 17. Qc2 h6 1/2-1/2

[Event "Batatais"]
[Site "Batatais"]
[Date "2012.01.16"]
[Round "7"]
[White "Barbosa, Erick Silva"]
[Black "Januario, Jessica dos Anjos"]
[Result "1/2-1/2"]
[WhiteElo "1717"]
[BlackElo "1514"]
[PlyCount "58"]
[EventDate "2012.01.13"]
[EventType "tourn"]
[EventRounds "9"]
[EventCountry "BRA"]
[SourceTitle "EXT 2014"]
[Source "ChessBase"]
[SourceDate "2013.11.20"]
[SourceVersion "1"]
[SourceVersionDate "2013.11.20"]
[SourceQuality "1"]

1. e4 c5 2. c3 g6 3. d4 cxd4 4. cxd4 Bg7 5. Nf3 e6 6. e5 Ne7 7. Bg5 a6 8. Nc3
Nbc6 9. Ne4 Qb6 10. Nd6+ Kf8 11. Qb3 Qxb3 12. axb3 h6 13. Bxe7+ Kxe7 14. O-O-O
b5 15. Be2 Ra7 16. Kb1 Bb7 17. Rc1 f6 18. Nxb7 Rxb7 19. exf6+ Bxf6 20. Rhd1 Rc8
21. d5 exd5 22. Rxd5 Rbc7 23. Re1 Kf7 24. Red1 Ke7 25. Bf1 Nb4 26. R5d2 d5 27.
Nd4 Kd6 28. g3 Re7 29. Bg2 Rce8 1/2-1/2

[Event "Batatais"]
[Site "Batatais"]
[Date "2012.01.17"]
[Round "9"]
[White "Schucman, Rebeca Lot"]
[Black "Barbosa, Erick Silva"]
[Result "1/2-1/2"]
[WhiteElo "1569"]
[BlackElo "1717"]
[PlyCount "83"]
[EventDate "2012.01.13"]
[EventType "tourn"]
[EventRounds "9"]
[EventCountry "BRA"]
[SourceTitle "EXT 2014"]
[Source "ChessBase"]
[SourceDate "2013.11.20"]
[SourceVersion "1"]
[SourceVersionDate "2013.11.20"]
[SourceQuality "1"]

1. d4 d5 2. c4 dxc4 3. e3 e6 4. Bxc4 c5 5. Bb5+ Bd7 6. Bxd7+ Qxd7 7. Nc3 Nf6 8.
Nf3 Be7 9. O-O O-O 10. Qb3 Nc6 11. Rd1 Qc7 12. d5 exd5 13. Nxd5 Nxd5 14. Rxd5
Rad8 15. Rxd8 Rxd8 16. Bd2 b6 17. Rd1 Ne5 18. Nxe5 Qxe5 19. Bc3 Rxd1+ 20. Qxd1
Qd6 21. Qg4 Bf8 22. g3 Qg6 23. Qxg6 hxg6 24. Be5 b5 25. Kf1 c4 26. Ke2 f6 27.
Bd4 a6 28. b3 cxb3 29. axb3 Kf7 30. Kd3 Ke6 31. Bb6 Kd5 32. e4+ Kc6 33. Bd4 a5
34. f4 a4 35. bxa4 bxa4 36. e5 Be7 37. h3 a3 38. Kc4 a2 39. g4 fxe5 40. fxe5 g5
41. Bc3 g6 42. Bd4 1/2-1/2

[Event "Joao Pessoa op 3rd"]
[Site "Joao Pessoa"]
[Date "2012.03.09"]
[Round "1"]
[White "Teixeira, Alexandre Cesar Fer"]
[Black "Barbosa, Eugenio Seve de Me"]
[Result "0-1"]
[WhiteElo "1768"]
[BlackElo "2089"]
[PlyCount "56"]
[EventDate "2012.03.09"]
[EventType "swiss"]
[EventRounds "6"]
[EventCountry "BRA"]
[SourceTitle "CBM 147 Extra"]
[Source "ChessBase"]
[SourceDate "2012.04.24"]
[SourceVersion "1"]
[SourceVersionDate "2012.04.24"]
[SourceQuality "1"]

1. e4 e6 2. Nf3 d5 3. d3 dxe4 4. Ne5 Nf6 5. Bg5 Be7 6. Bxf6 Bxf6 7. Qh5 g6 8.
Nxf7 gxh5 9. Nxd8 Kxd8 10. Be2 Bxb2 11. O-O Bxa1 12. Nd2 exd3 13. cxd3 Bf6 14.
Ne4 Ke7 15. Bxh5 Rd8 16. Be2 b6 17. Rc1 c5 18. Rc3 Bxc3 19. Nxc3 Bb7 20. Nb5
Nc6 21. Bf3 Rxd3 22. h3 Rxf3 23. gxf3 Nd4 24. Nc3 Nxf3+ 25. Kf1 Rd8 26. Kg2
Rg8+ 27. Kf1 Ba6+ 28. Ne2 Rg1# 0-1

[Event "Joao Pessoa op 3rd"]
[Site "Joao Pessoa"]
[Date "2012.03.09"]
[Round "2"]
[White "Barbosa, Eugenio Seve de Me"]
[Black "Martins, Vinicius Tine"]
[Result "0-1"]
[WhiteElo "2089"]
[BlackElo "2329"]
[PlyCount "74"]
[EventDate "2012.03.09"]
[EventType "swiss"]
[EventRounds "6"]
[EventCountry "BRA"]
[SourceTitle "CBM 147 Extra"]
[Source "ChessBase"]
[SourceDate "2012.04.24"]
[SourceVersion "1"]
[SourceVersionDate "2012.04.24"]
[SourceQuality "1"]

1. d4 d5 2. c4 e6 3. Nc3 Nf6 4. cxd5 exd5 5. Bg5 Bb4 6. e3 h6 7. Bh4 Nbd7 8.
Nf3 c5 9. Bd3 Qa5 10. Qc2 O-O 11. O-O c4 12. Bf5 Re8 13. Bg3 Nb6 14. Ne2 Bxf5
15. Qxf5 Nc8 16. a3 Bf8 17. Rac1 Ne4 18. Nc3 Nxc3 19. Rxc3 Qd8 20. Ne5 Nd6 21.
Qf3 Qa5 22. Rc2 Rad8 23. Rfc1 f6 24. Ng6 Ne4 25. h3 b5 26. Nh4 Qb6 27. Nf5 g6
28. Nh4 Kh7 29. Qg4 f5 30. Qf3 Be7 31. Qd1 Nxg3 32. fxg3 Bg5 33. Nf3 Bxe3+ 34.
Kf1 Bxc1 35. Qxc1 Re4 36. Rd2 Rde8 37. Qc2 a5 0-1

[Event "Joao Pessoa op 3rd"]
[Site "Joao Pessoa"]
[Date "2012.03.10"]
[Round "3"]
[White "Da Silva, Antonio Dutra"]
[Black "Barbosa, Eugenio Seve de Me"]
[Result "0-1"]
[WhiteElo "1774"]
[BlackElo "2089"]
[PlyCount "44"]
[EventDate "2012.03.09"]
[EventType "swiss"]
[EventRounds "6"]
[EventCountry "BRA"]
[SourceTitle "CBM 147 Extra"]
[Source "ChessBase"]
[SourceDate "2012.04.24"]
[SourceVersion "1"]
[SourceVersionDate "2012.04.24"]
[SourceQuality "1"]

1. d4 Nf6 2. Nf3 g6 3. c4 Bg7 4. Nc3 d5 5. e3 O-O 6. cxd5 Nxd5 7. Nxd5 Qxd5 8.
Be2 c5 9. dxc5 Qxc5 10. O-O Nc6 11. Ne1 Bf5 12. Qa4 Rfd8 13. Qb5 Qb6 14. Qxb6
axb6 15. g4 Be6 16. a4 Ne5 17. h3 Bb3 18. f4 Nc4 19. Bxc4 Bxc4 20. Rf2 Rd1 21.
Rf1 Bxf1 22. Kxf1 Rc8 0-1

[Event "Joao Pessoa op 3rd"]
[Site "Joao Pessoa"]
[Date "2012.03.10"]
[Round "4"]
[White "Barbosa, Eugenio Seve de Me"]
[Black "Macedo, Alexandre Soares"]
[Result "1-0"]
[WhiteElo "2089"]
[BlackElo "1920"]
[PlyCount "65"]
[EventDate "2012.03.09"]
[EventType "swiss"]
[EventRounds "6"]
[EventCountry "BRA"]
[SourceTitle "CBM 147 Extra"]
[Source "ChessBase"]
[SourceDate "2012.04.24"]
[SourceVersion "1"]
[SourceVersionDate "2012.04.24"]
[SourceQuality "1"]

1. d4 f5 2. Bg5 Nf6 3. Bxf6 exf6 4. Nf3 d5 5. e3 Bd6 6. c4 c6 7. Nc3 Be6 8.
cxd5 cxd5 9. Bd3 Nc6 10. O-O a6 11. a3 Qd7 12. Rc1 Rd8 13. Na4 Qf7 14. Nc5 Bc8
15. Na4 O-O 16. Nc5 Rfe8 17. b4 g5 18. b5 Ne7 19. g3 Kh8 20. h4 Rg8 21. hxg5
fxg5 22. Kg2 Ng6 23. Nxg5 Qf6 24. Qh5 Rg7 25. f4 Re8 26. Qf3 Ne7 27. Rh1 Kg8
28. Nxh7 Qg6 29. Ng5 b6 30. Nxa6 Bxa3 31. Rc3 Qd6 32. Rh8+ Kxh8 33. Qh5+ 1-0

[Event "Joao Pessoa op 3rd"]
[Site "Joao Pessoa"]
[Date "2012.03.11"]
[Round "5"]
[White "Brito, Luismar Jorge"]
[Black "Barbosa, Eugenio Seve de Me"]
[Result "1-0"]
[WhiteElo "2247"]
[BlackElo "2089"]
[PlyCount "69"]
[EventDate "2012.03.09"]
[EventType "swiss"]
[EventRounds "6"]
[EventCountry "BRA"]
[SourceTitle "CBM 147 Extra"]
[Source "ChessBase"]
[SourceDate "2012.04.24"]
[SourceVersion "1"]
[SourceVersionDate "2012.04.24"]
[SourceQuality "1"]

1. Nc3 d5 2. e4 e6 3. Nf3 Nf6 4. e5 Nfd7 5. d4 c5 6. dxc5 Bxc5 7. Bd3 Nc6 8.
Bf4 f6 9. exf6 Nxf6 10. Qe2 O-O 11. O-O-O Qa5 12. Kb1 Bd7 13. h3 Rac8 14. Bd2
Qc7 15. g4 Nd4 16. Nxd4 Bxd4 17. g5 Ne8 18. Bxh7+ Kxh7 19. Qd3+ Kg8 20. Qxd4
Qd6 21. Be3 b5 22. Qxa7 b4 23. Ne4 Qc6 24. Nc5 Rc7 25. Qa6 Bc8 26. Qxc6 Rxc6
27. Nd3 Rc4 28. b3 Re4 29. Bc5 Rf5 30. h4 Nc7 31. Kb2 Na6 32. Bd6 Bd7 33. f4
Bb5 34. Rhe1 Kf7 35. h5 1-0

[Event "Joao Pessoa op 3rd"]
[Site "Joao Pessoa"]
[Date "2012.03.11"]
[Round "6"]
[White "Barbosa, Eugenio Seve de Me"]
[Black "De Andrade, Dalson Holanda Cav"]
[Result "1/2-1/2"]
[WhiteElo "2089"]
[BlackElo "1922"]
[PlyCount "50"]
[EventDate "2012.03.09"]
[EventType "swiss"]
[EventRounds "6"]
[EventCountry "BRA"]
[SourceTitle "CBM 147 Extra"]
[Source "ChessBase"]
[SourceDate "2012.04.24"]
[SourceVersion "1"]
[SourceVersionDate "2012.04.24"]
[SourceQuality "1"]

1. d4 d5 2. c4 c6 3. Nc3 Nf6 4. Nf3 e6 5. cxd5 exd5 6. Bg5 Be7 7. e3 O-O 8. Bd3
Bg4 9. O-O h6 10. Bh4 Nbd7 11. h3 Bh5 12. Bg3 Re8 13. Rb1 a5 14. Be2 Bg6 15.
Rc1 Ne4 16. Nxe4 Bxe4 17. Bd3 Nf6 18. Ne5 Bxd3 19. Qxd3 Ne4 20. Bh2 f6 21. Nf3
Bd6 22. Qb3 Bxh2+ 23. Kxh2 Qd6+ 24. Kg1 Qb4 25. Qc2 Re6 1/2-1/2

[Event "BRA-ch Amador"]
[Site "Brasilia"]
[Date "2012.03.24"]
[Round "1"]
[White "Barbalho, Gilsomar Silva"]
[Black "Barbosa, Edinardo Meireles"]
[Result "1-0"]
[WhiteElo "1992"]
[BlackElo "1745"]
[PlyCount "99"]
[EventDate "2012.03.24"]
[EventType "swiss"]
[EventRounds "7"]
[EventCountry "BRA"]
[SourceTitle "EXT 2014"]
[Source "ChessBase"]
[SourceDate "2013.11.20"]
[SourceVersion "1"]
[SourceVersionDate "2013.11.20"]
[SourceQuality "1"]

1. e4 e5 2. Nf3 Nc6 3. Bb5 a6 4. Ba4 Be7 5. O-O Nf6 6. Re1 O-O 7. Bxc6 dxc6 8.
Nxe5 Re8 9. d4 Bd6 10. Bf4 Ng4 11. f3 Nxe5 12. dxe5 Bc5+ 13. Kh1 Qe7 14. c3 Be6
15. Be3 Rad8 16. Qc2 Bxe3 17. Rxe3 Qg5 18. Qf2 Qxe5 19. Nd2 Qb5 20. Nf1 Rd7 21.
b3 f6 22. Rae1 Red8 23. e5 f5 24. f4 Rd3 25. c4 Qc5 26. Qg3 Qd4 27. h4 b5 28.
Rxd3 Qxd3 29. Ne3 Rd7 30. Rd1 Qe2 31. Rxd7 Bxd7 32. Qg5 h6 33. Qd8+ Kh7 34.
Qxd7 Qxe3 35. Qxf5+ Kh8 36. Kh2 Qf2 37. Qg4 Qd4 38. e6 Qf6 39. h5 Kg8 40. f5
Kf8 41. cxb5 cxb5 42. Qf4 Qe7 43. Kh3 Qd6 44. Qf3 Ke7 45. Qc3 Kf8 46. g4 Qf4
47. Qd3 Qd6 48. Qxd6+ cxd6 49. b4 Ke7 50. Kg3 1-0

[Event "BRA-ch Amador"]
[Site "Brasilia"]
[Date "2012.03.25"]
[Round "3"]
[White "Saenko, Gennady"]
[Black "Barbosa, Edinardo Meireles"]
[Result "1-0"]
[WhiteElo "1856"]
[BlackElo "1745"]
[PlyCount "59"]
[EventDate "2012.03.24"]
[EventType "swiss"]
[EventRounds "7"]
[EventCountry "BRA"]
[SourceTitle "EXT 2014"]
[Source "ChessBase"]
[SourceDate "2013.11.20"]
[SourceVersion "1"]
[SourceVersionDate "2013.11.20"]
[SourceQuality "1"]

1. c4 c5 2. Nc3 Nc6 3. Nf3 Nf6 4. g3 g6 5. Bg2 Bg7 6. O-O O-O 7. d3 d6 8. e4 e5
9. Bg5 h6 10. Be3 Ng4 11. Nd5 f5 12. exf5 gxf5 13. Qd2 f4 14. gxf4 Nxe3 15.
fxe3 exf4 16. Nxf4 Ne5 17. Nxe5 Bxe5 18. Ng6 Rxf1+ 19. Rxf1 Bg7 20. Bd5+ Kh7
21. Qg2 Bh3 22. Qxh3 Qg5+ 23. Qg3 Qxg3+ 24. hxg3 Kxg6 25. b3 Rb8 26. Be4+ Kg5
27. Rf7 Be5 28. Kg2 b6 29. Kh3 a5 30. Rf5+ 1-0

[Event "BRA-ch Amador"]
[Site "Brasilia"]
[Date "2012.03.25"]
[Round "4"]
[White "Barbosa, Edinardo Meireles"]
[Black "Barbalho, Gil Santos"]
[Result "1-0"]
[WhiteElo "1745"]
[BlackElo "1551"]
[PlyCount "75"]
[EventDate "2012.03.24"]
[EventType "swiss"]
[EventRounds "7"]
[EventCountry "BRA"]
[SourceTitle "EXT 2014"]
[Source "ChessBase"]
[SourceDate "2013.11.20"]
[SourceVersion "1"]
[SourceVersionDate "2013.11.20"]
[SourceQuality "1"]

1. e4 c5 2. Nf3 d6 3. d4 cxd4 4. Nxd4 Nf6 5. Nc3 a6 6. Bc4 e5 7. Nf3 Be7 8. Bb3
O-O 9. O-O Nc6 10. Bg5 b5 11. a3 Qc7 12. Re1 Na5 13. Ba2 Bb7 14. Bxf6 Bxf6 15.
Nd5 Bxd5 16. Bxd5 Rac8 17. Rc1 Nc4 18. Bxc4 bxc4 19. Qd5 Qc6 20. Rcd1 Rfd8 21.
Re3 Be7 22. Rc3 Qxd5 23. Rxd5 Rc5 24. Nd2 Rdc8 25. Rxc5 Rxc5 26. Rxc4 f6 27.
Rxc5 dxc5 28. Nc4 Kf7 29. f3 Ke6 30. Kf2 g6 31. Ke3 f5 32. Kd3 h5 33. Ne3 fxe4+
34. Kxe4 Bg5 35. Nc4 Bf4 36. g3 Bc1 37. a4 g5 38. b3 1-0

[Event "BRA-ch Amador"]
[Site "Brasilia"]
[Date "2012.03.31"]
[Round "5"]
[White "Rodrigues, Joao Batista"]
[Black "Barbosa, Edinardo Meireles"]
[Result "0-1"]
[WhiteElo "1774"]
[BlackElo "1745"]
[PlyCount "128"]
[EventDate "2012.03.24"]
[EventType "swiss"]
[EventRounds "7"]
[EventCountry "BRA"]
[SourceTitle "EXT 2014"]
[Source "ChessBase"]
[SourceDate "2013.11.20"]
[SourceVersion "1"]
[SourceVersionDate "2013.11.20"]
[SourceQuality "1"]

1. e4 e6 2. d4 d5 3. Nd2 c5 4. c3 Nc6 5. Ngf3 Qb6 6. exd5 exd5 7. Nb3 Nf6 8.
dxc5 Bxc5 9. Nxc5 Qxc5 10. Bd3 O-O 11. O-O Bg4 12. Be3 Qd6 13. Be2 Rfe8 14. Re1
Rad8 15. h3 Bxh3 16. gxh3 Rxe3 17. fxe3 Qg3+ 18. Kh1 Ne4 19. Rf1 Qxh3+ 20. Nh2
Ng3+ 21. Kg1 Nxf1 22. Qxf1 Qxe3+ 23. Qf2 Qg5+ 24. Qg2 Qe3+ 25. Kf1 Rd6 26. Rd1
Rg6 27. Ng4 Qf4+ 28. Qf3 Rxg4 29. Rxd5 Qc1+ 30. Rd1 Qf4 31. b4 g6 32. b5 Ne5
33. Qxf4 Rxf4+ 34. Kg2 Ra4 35. Rd2 Kg7 36. Rd5 f6 37. Rd2 h5 38. Bd1 Rc4 39.
Rc2 Kh6 40. Be2 Rc5 41. c4 a6 42. a4 axb5 43. axb5 Nf7 44. Rd2 Ne5 45. Rc2 Kg5
46. Rc3 Kf4 47. Kf2 h4 48. Bf1 g5 49. Bg2 b6 50. Bd5 g4 51. Kg2 h3+ 52. Kh2 f5
53. Rc2 Nf3+ 54. Bxf3 Kxf3 55. Rc3+ Ke4 56. Kg3 Kd4 57. Rc1 Rxc4 58. Rd1+ Kc5
59. Rf1 Rc3+ 60. Kh2 Rf3 61. Rb1 f4 62. Rg1 Rf2+ 63. Kh1 g3 64. Rxg3 fxg3 0-1

[Event "BRA-ch Amador"]
[Site "Brasilia"]
[Date "2012.03.31"]
[Round "6"]
[White "Barbosa, Edinardo Meireles"]
[Black "Freitas, Vilmar Rosa de"]
[Result "0-1"]
[WhiteElo "1745"]
[BlackElo "1748"]
[PlyCount "47"]
[EventDate "2012.03.24"]
[EventType "swiss"]
[EventRounds "7"]
[EventCountry "BRA"]
[SourceTitle "EXT 2014"]
[Source "ChessBase"]
[SourceDate "2013.11.20"]
[SourceVersion "1"]
[SourceVersionDate "2013.11.20"]
[SourceQuality "1"]

1. e4 e5 2. Nf3 Nc6 3. Bb5 a6 4. Ba4 Nf6 5. Nc3 d6 6. d4 b5 7. dxe5 Nxe5 8. Bb3
Be7 9. O-O O-O 10. Re1 Bg4 11. Re3 c5 12. a4 Rb8 13. Nb1 Nxf3+ 14. gxf3 Be6 15.
Nd2 Nh5 16. Nf1 Bxb3 17. Rxb3 c4 18. Re3 Bg5 19. Re2 Bxc1 20. Qxc1 Qf6 21. Ra3
Nf4 22. Rd2 h6 23. Ng3 h5 24. h4 0-1

[Event "Osasco op"]
[Site "Osasco"]
[Date "2012.04.20"]
[Round "1"]
[White "Barbosa, Evandro Amorim"]
[Black "Oliveira, Tiago"]
[Result "1-0"]
[WhiteElo "2399"]
[BlackElo "2068"]
[PlyCount "77"]
[EventDate "2012.04.20"]
[EventType "swiss"]
[EventRounds "6"]
[EventCountry "BRA"]
[SourceTitle "CBM 148 Extra"]
[Source "ChessBase"]
[SourceDate "2012.06.22"]
[SourceVersion "1"]
[SourceVersionDate "2012.06.22"]
[SourceQuality "1"]

1. e4 c5 2. Nf3 e6 3. d4 cxd4 4. Nxd4 Nf6 5. Nc3 d6 6. Be3 a6 7. f3 b5 8. Qd2
Bb7 9. a4 bxa4 10. Rxa4 Nbd7 11. Nb3 Qc7 12. Na5 Bc8 13. Be2 Nc5 14. Ra2 Be7
15. O-O O-O 16. b4 Ncd7 17. b5 d5 18. exd5 Bb4 19. Nc6 Bxc3 20. Qxc3 Kh8 21.
dxe6 fxe6 22. Qa1 Bb7 23. Nd4 Qe5 24. Bf2 axb5 25. Bxb5 Qd5 26. c4 Qd6 27. Rxa8
Rxa8 28. Qb2 Ba6 29. Re1 e5 30. Nc6 Re8 31. Bxa6 Qxc6 32. Bb5 Qd6 33. c5 Qc7
34. c6 Nb8 35. Qc3 Nd5 36. Qc5 Rd8 37. Rd1 Nf4 38. Rxd8+ Qxd8 39. Qxe5 1-0

[Event "Osasco op"]
[Site "Osasco"]
[Date "2012.04.20"]
[Round "2"]
[White "Queiroz, Alberto Becker"]
[Black "Barbosa, Evandro Amorim"]
[Result "0-1"]
[WhiteElo "1922"]
[BlackElo "2399"]
[PlyCount "62"]
[EventDate "2012.04.20"]
[EventType "swiss"]
[EventRounds "6"]
[EventCountry "BRA"]
[SourceTitle "CBM 148 Extra"]
[Source "ChessBase"]
[SourceDate "2012.06.22"]
[SourceVersion "1"]
[SourceVersionDate "2012.06.22"]
[SourceQuality "1"]

1. e4 c5 2. Nf3 e6 3. Nc3 Nc6 4. d4 cxd4 5. Nxd4 Qc7 6. Be2 a6 7. O-O Nf6 8.
Kh1 b5 9. Nxc6 dxc6 10. Bf3 e5 11. a4 b4 12. Ne2 Be6 13. Ng3 Be7 14. Bg5 O-O
15. Bxf6 Bxf6 16. a5 Bg5 17. Bg4 Rad8 18. Qf3 Bc4 19. Rfd1 g6 20. c3 b3 21. Ra4
Rxd1+ 22. Qxd1 Rd8 23. Rxc4 Rxd1+ 24. Bxd1 Qxa5 25. h4 Qa1 26. hxg5 Qxd1+ 27.
Kh2 Qd2 28. Rb4 Qxb2 29. Rb8+ Kg7 30. Nf5+ gxf5 31. exf5 Qxf2 0-1

[Event "Osasco op"]
[Site "Osasco"]
[Date "2012.04.21"]
[Round "4"]
[White "Sztokbant, Bernardo Vainzoff"]
[Black "Barbosa, Evandro Amorim"]
[Result "0-1"]
[WhiteElo "2059"]
[BlackElo "2399"]
[PlyCount "102"]
[EventDate "2012.04.20"]
[EventType "swiss"]
[EventRounds "6"]
[EventCountry "BRA"]
[SourceTitle "CBM 148 Extra"]
[Source "ChessBase"]
[SourceDate "2012.06.22"]
[SourceVersion "1"]
[SourceVersionDate "2012.06.22"]
[SourceQuality "1"]

1. e4 c5 2. Nf3 d6 3. d4 cxd4 4. Nxd4 Nf6 5. Nc3 a6 6. Be2 e6 7. O-O Be7 8. Be3
O-O 9. f4 Qc7 10. Bd3 Nc6 11. Qe1 Nxd4 12. Bxd4 e5 13. fxe5 dxe5 14. Be3 Bc5
15. Qd2 Bxe3+ 16. Qxe3 Be6 17. Rad1 Rfd8 18. Kh1 b5 19. Nd5 Bxd5 20. exd5 Qd6
21. Rfe1 Re8 22. a4 Rac8 23. axb5 axb5 24. Be4 Rc4 25. Qf3 Nxe4 26. Rxe4 Rxc2
27. b4 Rec8 28. Qh5 Rc1 29. Ree1 Rxd1 30. Rxd1 g6 31. Qe2 Rc4 32. h3 Rxb4 33.
Re1 Qxd5 34. Qxe5 Qxe5 35. Rxe5 h5 36. Kh2 h4 37. Kg1 Kg7 38. Kf2 Kf6 39. Rc5
Rb3 40. Ke2 Ke6 41. Rc6+ Ke5 42. Kf2 g5 43. Rb6 f5 44. Rc6 Kf4 45. Rc2 b4 46.
Rc4+ Ke5 47. Rc5+ Ke4 48. Rc4+ Kd5 49. Rc8 Rc3 50. Rb8 b3 51. Kf1 Ke4 0-1

[Event "Osasco op"]
[Site "Osasco"]
[Date "2012.04.22"]
[Round "5"]
[White "Barbosa, Evandro Amorim"]
[Black "Freitas, Romeu Salvador"]
[Result "1/2-1/2"]
[WhiteElo "2399"]
[BlackElo "2242"]
[PlyCount "101"]
[EventDate "2012.04.20"]
[EventType "swiss"]
[EventRounds "6"]
[EventCountry "BRA"]
[SourceTitle "CBM 148 Extra"]
[Source "ChessBase"]
[SourceDate "2012.06.22"]
[SourceVersion "1"]
[SourceVersionDate "2012.06.22"]
[SourceQuality "1"]

1. e4 c5 2. Nf3 d6 3. Bb5+ Nd7 4. d4 cxd4 5. Qxd4 a6 6. Bxd7+ Bxd7 7. c4 e5 8.
Qd3 b5 9. Na3 Qb6 10. O-O h6 11. b3 Nf6 12. Nc2 Qb7 13. Re1 Bc6 14. Nd2 Be7 15.
Ba3 O-O 16. Rad1 Rad8 17. Nb4 Bd7 18. Nf1 a5 19. Nd5 Nxd5 20. exd5 Rc8 21. f4
Qb6+ 22. Kh1 Bh4 23. g3 Bf6 24. c5 Rxc5 25. Bxc5 Qxc5 26. Nd2 Qa3 27. f5 Qxa2
28. Ne4 Be7 29. Ra1 Qb2 30. Reb1 Qd4 31. Qxd4 exd4 32. g4 Ra8 33. Rd1 h5 34. h3
hxg4 35. hxg4 g6 36. Rf1 a4 37. bxa4 bxa4 38. f6 Bf8 39. Rfd1 Bxg4 40. Rxd4
Bf3+ 41. Kh2 a3 42. Nc3 Ra5 43. Kg3 Bh5 44. Ra4 Rxa4 45. Nxa4 Bh6 46. Nb6 Be3
47. Nd7 g5 48. Rxa3 Bf4+ 49. Kg2 Kh7 50. Rh3 Kh6 51. Rh1 1/2-1/2